000 00738nam a2200217Ii 4500
003 JO-AjNU
008 230606s9999||||xx |||||||||||||| ||und||
020 _a978-0-521-65089-2 / 0-521-65089-2(hardback) , 978-0-521-65886-7 / 0-521-65886-1(Paperback)
040 _aJO-AjNU
_beng
_erda
_cJO-AjNU
041 _aeng
050 1 4 _aPR5907.C36 2006
100 3 _aEDITED BY: HOWES, MARJORIE , JOHN KELLY,
_eauthor
_92807
245 0 4 _aTHE CAMBRIDGE COMPANION TO W.B.YEATS
250 _a1 ed
264 3 1 _aNew York:CAMBRIDGE UNIVERSITY PRESS, 2006
300 _a242P
336 _atext
_btxt
_2rdacontent
337 _aunmediated
_bn
_2rdamedia
338 _avolume
_bnc
_2rdacarrier
650 4 _aTHE CAMBRIDGE COMPANION TO W.B.YEATS
_92808
999 _aE1471
_c1471
_d1471